[Event "ChFraVétérans2011"]
[Site "Caen"]
[Date "2011.08.21"]
[Round "6.3"]
[White "Cousin, Philippe"]
[Black "Ruiz, Richard"]
[Result "0-1"]
[WhiteElo "1953"]
[BlackElo "2106"]
[PlyCount "76"]
[EventDate "2011.??.??"]

1. d4 g6 2. Nf3 Bg7 3. c4 d6 4. Nc3 Nf6 5. e4 Bg4 6. Be2 O-O 7. Be3 Nfd7 8. Qd2
e5 9. d5 f5 10. Bh6 Bxf3 11. Bxf3 f4 12. Bxg7 Kxg7 13. O-O a5 14. a3 Nc5 15.
Bd1 a4 16. f3 Nbd7 17. Rb1 Nb6 18. Qe2 g5 19. Bc2 Rf6 20. Nd1 Rg6 21. Nf2 Nbd7
22. h3 h5 23. Rfc1 Nf6 24. Kf1 Qd7 25. Ke1 Kf7 26. Kd2 Rag8 27. Rh1 Qd8 28.
Rbg1 Qa8 29. Nd3 Nxd3 30. Qxd3 Nd7 31. g4 Nc5 32. Qc3 h4 33. Rb1 Rb8 34. Rhe1
Rgg8 35. Bd3 Qa7 36. Re2 Nb3+ 37. Kc2 Nd4+ 38. Kd2 Nxf3+ 0-1

[Event "ChFraVétérans2011"]
[Site "Caen"]
[Date "2011.08.21"]
[Round "6.4"]
[White "Negre, Albert"]
[Black "Dubreuil, Remy"]
[Result "1-0"]
[WhiteElo "2103"]
[BlackElo "1895"]
[PlyCount "53"]
[EventDate "2011.??.??"]

1. e4 e6 2. d4 d5 3. Nc3 Bb4 4. e5 Ne7 5. a3 Bxc3+ 6. bxc3 c5 7. Qg4 Qa5 8. Bd2
O-O 9. Bd3 Qa4 10. Nf3 c4 11. Bxh7+ Kxh7 12. Qh4+ Kg8 13. Qxe7 Qxc2 14. Qg5 Nc6
15. h4 Qf5 16. Qg3 Qe4+ 17. Kf1 Qd3+ 18. Kg1 f6 19. h5 fxe5 20. dxe5 Rf7 21. h6
Bd7 22. Ng5 Re7 23. Qh4 Qg6 24. Rh3 Rf8 25. Nf3 Qh7 26. hxg7 Rxg7 27. Bh6 1-0

[Event "ChFraVétérans2011"]
[Site "Caen"]
[Date "2011.08.21"]
[Round "6.5"]
[White "Andrieu, Philippe"]
[Black "Audiffren, Roger"]
[Result "0-1"]
[WhiteElo "1894"]
[BlackElo "2005"]
[PlyCount "72"]
[EventDate "2011.??.??"]

1. d4 f5 2. e4 fxe4 3. Nc3 Nf6 4. Bg5 Nc6 5. d5 Ne5 6. Qd4 Nf7 7. Bxf6 exf6 8.
Nxe4 Be7 9. Nf3 O-O 10. Bd3 d6 11. Ng3 Ne5 12. Nxe5 fxe5 13. Qe4 g6 14. h4 Rf4
15. Qe3 Rxh4 16. Rxh4 Bxh4 17. Ne4 Bf5 18. Ke2 Bxe4 19. Bxe4 Qf6 20. Rh1 Bg5
21. Qh3 h6 22. Qd3 Rf8 23. f3 Kg7 24. c4 b5 25. b4 Qf4 26. Bxg6 Qg3 27. Rf1 Bh4
28. Be4 Qxg2+ 29. Kd1 Qxa2 30. Rg1+ Bg5 31. Ke1 Qa1+ 32. Kf2 Qb2+ 33. Kg3 Kh8
34. Rg2 Qxb4 35. Bf5 Qe1+ 36. Kh2 Bf4+ 0-1

[Event "ChFraVétérans2011"]
[Site "Caen"]
[Date "2011.08.21"]
[Round "6.6"]
[White "Birens, Eric-Andre"]
[Black "Rodriguez, Jean-Pierre"]
[Result "1-0"]
[WhiteElo "1997"]
[BlackElo "1871"]
[PlyCount "189"]
[EventDate "2011.??.??"]

1. d4 Nf6 2. c4 e6 3. Nc3 d5 4. Bg5 Nbd7 5. e3 c6 6. cxd5 exd5 7. Qc2 Bd6 8.
Bd3 h6 9. Bh4 O-O 10. Nf3 Re8 11. O-O Nf8 12. Bg3 Bxg3 13. hxg3 Ng4 14. Bf5
Bxf5 15. Qxf5 Qd7 16. Qxd7 Nxd7 17. b4 a6 18. a4 Ra7 19. b5 axb5 20. axb5 Rea8
21. Rxa7 Rxa7 22. bxc6 bxc6 23. Rc1 Ra5 24. Kf1 Kf8 25. Ke2 Ke7 26. Nd2 f5 27.
f3 Ngf6 28. Nb3 Ra3 29. Rb1 Ne8 30. Kd2 Nd6 31. Kc2 Nc4 32. e4 fxe4 33. fxe4
dxe4 34. Nxe4 Ra2+ 35. Kc3 Ne3 36. Kd3 Ng4 37. Re1 Kd8 38. Ned2 Ngf6 39. Re6
Nd5 40. Rg6 N7f6 41. Rxg7 Ke8 42. Rb7 Kf8 43. Nc5 Ra3+ 44. Ndb3 Ne7 45. Ne6+
Kf7 46. Nf4 Nfd5 47. Ke4 Kf6 48. Nxd5+ Nxd5 49. Kf3 Nc3 50. Kg4 Nb5 51. Nd2
Nxd4 52. Nf3 Nf5 53. Rc7 Rc3 54. Rc8 Ne3+ 55. Kh3 Rc2 56. Nh4 Rc1 57. g4 Rc4
58. Rg8 c5 59. Rg6+ Kf7 60. Rxh6 Nxg4 61. Rc6 Ne5 62. Rc8 Rc3+ 63. g3 c4 64.
Ng2 Rc1 65. Nf4 c3 66. Rc7+ Kg8 67. Kg2 Rc2+ 68. Kf1 Ng4 69. Ne2 Ne3+ 70. Ke1
Ng2+ 71. Kf2 Ra2 72. Rxc3 Kf7 73. Rc6 Ke7 74. Kxg2 Rxe2+ 75. Kf3 Re1 76. Kf4
Kf7 77. g4 Kg7 78. Kf5 Rf1+ 79. Kg5 Rf2 80. Rc7+ Kg8 81. Kg6 Kf8 82. g5 Rf1 83.
Rc8+ Ke7 84. Kg7 Rf2 85. g6 Rf1 86. Kg8 Rf2 87. Rc7+ Ke8 88. Rf7 Rg2 89. g7 Rg1
90. Rf4 Rg2 91. Re4+ Kd7 92. Re5 Rg1 93. Kh7 Rh1+ 94. Kg6 Kd6 95. Rg5 1-0

[Event "ChFraVétérans2011"]
[Site "Caen"]
[Date "2011.08.21"]
[Round "6.7"]
[White "Belluire, Patrice"]
[Black "Molet, Asher"]
[Result "0-1"]
[WhiteElo "1944"]
[BlackElo "1859"]
[PlyCount "72"]
[EventDate "2011.??.??"]

1. e4 c5 2. Nf3 Nc6 3. d4 cxd4 4. Nxd4 Nf6 5. Nc3 e5 6. Ndb5 d6 7. Nd5 Nxd5 8.
exd5 Nb8 9. c4 a6 10. Qa4 Nd7 11. c5 Rb8 12. Nxd6+ Bxd6 13. cxd6 O-O 14. Be3 b5
15. Qc2 Bb7 16. Bd3 Nf6 17. O-O Rc8 18. Qe2 Qxd6 19. Bf5 Rcd8 20. Bg5 h6 21.
Be3 Qxd5 22. f3 e4 23. fxe4 Nxe4 24. Qg4 Nf6 25. Qg3 Qd6 26. Qxd6 Rxd6 27. Rac1
Re8 28. Bf4 Rd5 29. Bh3 Nh5 30. Bc7 Rd2 31. Rf2 Rxf2 32. Kxf2 Bc8 33. Rc3 Nf6
34. Ra3 Bxh3 35. Rxh3 Rc8 36. Be5 Ng4+ 0-1

[Event "ChFraVétérans2011"]
[Site "Caen"]
[Date "2011.08.21"]
[Round "6.8"]
[White "Le Du, Michel"]
[Black "Mounier, Michel"]
[Result "1-0"]
[WhiteElo "1912"]
[BlackElo "1829"]
[PlyCount "79"]
[EventDate "2011.??.??"]

1. e4 e6 2. d3 d5 3. Nd2 Nf6 4. Ngf3 Be7 5. g3 Nc6 6. Bg2 dxe4 7. dxe4 e5 8.
O-O Bg4 9. c3 Qd7 10. Qc2 O-O-O 11. Nc4 Bd6 12. Ne3 h5 13. Nh4 Bh3 14. Nef5
Bxg2 15. Kxg2 Rdg8 16. Rd1 Ne8 17. Be3 a6 18. b4 g6 19. Nxd6+ Nxd6 20. a4 Qe6
21. b5 Nb8 22. Rd5 g5 23. Rxd6 cxd6 24. Nf5 f6 25. Rd1 Rd8 26. c4 Rh7 27. Bb6
Rdd7 28. c5 d5 29. Nd6+ Rxd6 30. cxd6+ Nc6 31. Rxd5 Qd7 32. bxc6 bxc6 33. Rc5
Kb7 34. Bc7 Rh8 35. Qb3+ Ka8 36. Qb6 Qc8 37. Rxc6 Qb7 38. Qxa6+ Qxa6 39. Rxa6+
Kb7 40. Rb6+ 1-0

[Event "ChFraVétérans2011"]
[Site "Caen"]
[Date "2011.08.21"]
[Round "6.9"]
[White "Zurano, Alberto"]
[Black "Rosenfeld, Imre"]
[Result "1/2-1/2"]
[WhiteElo "1817"]
[BlackElo "1905"]
[PlyCount "43"]
[EventDate "2011.??.??"]

1. e4 c6 2. d4 d5 3. Nc3 dxe4 4. Nxe4 Bf5 5. Ng3 Bg6 6. h4 h6 7. h5 Bh7 8. Nf3
Nd7 9. Bd3 Bxd3 10. Qxd3 e6 11. Bd2 Qc7 12. O-O-O Ngf6 13. Ne4 Nxe4 14. Qxe4
Bd6 15. g3 O-O-O 16. c4 c5 17. Qe2 Rhe8 18. Bc3 Bf8 19. Ne5 Nxe5 20. dxe5 Qc6
21. b3 Kc7 22. Rhe1 1/2-1/2

[Event "ChFraVétérans2011"]
[Site "Caen"]
[Date "2011.08.21"]
[Round "6.10"]
[White "Siberchicot, Robert"]
[Black "Guillaumat, Jean-Pierre"]
[Result "1/2-1/2"]
[WhiteElo "1795"]
[BlackElo "1898"]
[PlyCount "64"]
[EventDate "2011.??.??"]

1. e4 c5 2. Nf3 e6 3. c3 Nf6 4. e5 Nd5 5. d4 cxd4 6. cxd4 d6 7. Bb5+ Nc6 8. O-O
Be7 9. Nc3 a6 10. Nxd5 exd5 11. Bxc6+ bxc6 12. Qa4 Bb7 13. Bf4 O-O 14. Rac1 g5
15. exd6 Bxd6 16. Bxd6 Qxd6 17. Nxg5 f6 18. Nf3 Rf7 19. Qc2 Kh8 20. Rfe1 Rg8
21. Re3 Qf4 22. g3 Rfg7 23. Qe2 a5 24. Rcc3 Qg4 25. Kg2 h5 26. Re8 h4 27. Rxg8+
Rxg8 28. Qe7 h3+ 29. Kg1 Qg6 30. Re3 Bc8 31. Nh4 Qg5 32. Nf3 Qg6 1/2-1/2

[Event "ChFraVétérans2011"]
[Site "Caen"]
[Date "2011.08.23"]
[Round "7.1"]
[White "Ruiz, Richard"]
[Black "Basic, Bosko"]
[Result "1-0"]
[WhiteElo "2106"]
[BlackElo "2067"]
[PlyCount "159"]
[EventDate "2011.??.??"]

1. Nc3 d5 2. d4 Nf6 3. Bg5 Nbd7 4. Nf3 e6 5. e4 dxe4 6. Nxe4 Be7 7. Nxf6+ Bxf6
8. Bxf6 Qxf6 9. Bd3 O-O 10. Qe2 c5 11. c3 Rb8 12. Rd1 b6 13. O-O Bb7 14. Be4
Bxe4 15. Qxe4 cxd4 16. Nxd4 Nc5 17. Qe2 e5 18. Nb3 Nxb3 19. axb3 Qe6 20. b4 f6
21. Ra1 Rf7 22. Rfd1 Qb3 23. Rd6 Rfb7 24. Rad1 Rf8 25. h3 a5 26. Qf3 Qf7 27.
Qe4 h6 28. R1d5 f5 29. Qxe5 axb4 30. cxb4 Re7 31. Qc3 Rc7 32. Qf3 Rc1+ 33. Kh2
Qc7 34. g3 f4 35. g4 Qc4 36. Rd4 Qf1 37. Rd1 Rxd1 38. Rxd1 Qa6 39. Rd7 Qf1 40.
Qd5+ Kh7 41. Qd4 Rg8 42. Qxf4 Qe1 43. Qd4 Qe8 44. Kg2 Kh8 45. Rd6 Kh7 46. Qe3
Qa8+ 47. Qf3 Qe8 48. Qf5+ Kh8 49. Qe6 Qa8+ 50. Qd5 Qb8 51. Qc6 Rc8 52. Qd5 Rf8
53. Qc6 b5 54. Qd5 Qa7 55. Qd4 Qa8+ 56. Kg1 Re8 57. Qc3 Kh7 58. Rd7 Rg8 59. Qd4
Kh8 60. Rf7 Qe8 61. Rf3 Qe1+ 62. Kg2 Qe7 63. Qf4 Qe2 64. Qd4 Qe7 65. Re3 Qb7+
66. Qe4 Qf7 67. Qc6 Rb8 68. Rf3 Qc4 69. Qd6 Rg8 70. Qf4 Qd5 71. Qf5 Qc6 72. h4
Rd8 73. g5 Rd6 74. Kh2 Rd5 75. Qf4 hxg5 76. hxg5 Rd8 77. Qh4+ Kg8 78. g6 Qxf3
79. Qxd8+ Qf8 80. Qd5+ 1-0

[Event "ChFraVétérans2011"]
[Site "Caen"]
[Date "2011.08.23"]
[Round "7.2"]
[White "Ruch, Bernard"]
[Black "Le Du, Michel"]
[Result "1-0"]
[WhiteElo "1994"]
[BlackElo "1912"]
[PlyCount "69"]
[EventDate "2011.??.??"]

1. d4 g6 2. Nf3 Bg7 3. c3 Nf6 4. Bg5 d5 5. Nbd2 Nbd7 6. e3 O-O 7. Bd3 c6 8. h3
Re8 9. g4 e5 10. dxe5 Nxe5 11. Nxe5 Rxe5 12. Nf3 Re8 13. Qc2 Qa5 14. Bf4 Ne4
15. O-O Bd7 16. Nd2 Nxd2 17. Qxd2 c5 18. Rad1 Bc6 19. b4 cxb4 20. cxb4 Qa4 21.
b5 Bxb5 22. Bxb5 Qxb5 23. Qxd5 Qxd5 24. Rxd5 Rad8 25. Rfd1 Bf6 26. g5 Rxd5 27.
Rxd5 Rd8 28. Rb5 Bc3 29. Rxb7 a5 30. Rc7 Bb2 31. a4 Rd1+ 32. Kg2 Ra1 33. Rc2
Rb1 34. Rc8+ Kg7 35. Rb8 1-0

[Event "ChFraVétérans2011"]
[Site "Caen"]
[Date "2011.08.23"]
[Round "7.3"]
[White "Audiffren, Roger"]
[Black "Goldenberg, Richard"]
[Result "*"]
[WhiteElo "2005"]
[BlackElo "2320"]
[PlyCount "84"]
[EventDate "2011.??.??"]

1. d4 Nf6 2. Nf3 e6 3. b3 c5 4. e3 b6 5. Bb2 Bb7 6. Be2 cxd4 7. exd4 Bb4+ 8. c3
Be7 9. O-O O-O 10. Nbd2 d6 11. Re1 Nbd7 12. Bd3 Re8 13. c4 Bf8 14. Rc1 Rc8 15.
Bb1 g6 16. Ne4 Nxe4 17. Bxe4 d5 18. Bd3 Bg7 19. Ne5 Nxe5 20. dxe5 dxc4 21. Bxc4
Qg5 22. Bf1 Rcd8 23. Qc2 Rd2 24. Qc3 Red8 25. Rc2 Qf4 26. Rxd2 Rxd2 27. Re2
Rxe2 28. Bxe2 Qe4 29. Bf1 Qb1 30. Bc1 h5 31. Qc7 Bd5 32. Bg5 Qxa2 33. Qd8+ Kh7
34. Qe8 Qa1 35. Qxf7 Qxe5 36. h4 Qa1 37. g4 Qd1 38. gxh5 Qxh5 39. Bg2 Qg4 40.
f3 Qd4+ 41. Kh2 Qe5+ 42. f4 Qe2 *

[Event "ChFraVétérans2011"]
[Site "Caen"]
[Date "2011.08.23"]
[Round "7.4"]
[White "Molet, Asher"]
[Black "Negre, Albert"]
[Result "0-1"]
[WhiteElo "1859"]
[BlackElo "2103"]
[PlyCount "128"]
[EventDate "2011.??.??"]

1. d4 Nf6 2. Nf3 g6 3. c4 c5 4. Nc3 cxd4 5. Nxd4 Nc6 6. e4 Bg7 7. Be3 d6 8. Be2
O-O 9. O-O Bd7 10. f3 Nxd4 11. Bxd4 Bc6 12. Rc1 a5 13. Qd2 Nd7 14. Be3 a4 15.
Rfd1 Nc5 16. Qc2 Qa5 17. Nd5 Rfe8 18. Bd2 Qd8 19. Be3 Bxd5 20. cxd5 Qb6 21.
Bxc5 dxc5 22. Qxc5 Qxb2 23. Rc2 Rec8 24. Qxc8+ Rxc8 25. Rxc8+ Bf8 26. Bc4 b5
27. d6 exd6 28. Bd5 Kg7 29. g4 Be7 30. Rc7 Bh4 31. Rxf7+ Kh6 32. Rf1 Qd4+ 33.
Kg2 Qd2+ 34. Kg1 Qe3+ 35. Kg2 Qe2+ 36. Kg1 Bd8 37. Rb7 Bb6+ 38. Rxb6 Qe3+ 39.
Kg2 Qxb6 40. Rc1 Qe3 41. Rc7 Kg5 42. Rxh7 Qe2+ 43. Kg3 Qe1+ 44. Kg2 Kf4 45.
Rf7+ Ke3 46. Rc7 Qf2+ 47. Kh3 Qxf3+ 48. Kh4 Qf6+ 49. Kh3 g5 50. Rf7 Qh8+ 51.
Kg2 b4 52. Rf5 Qh4 53. h3 Qe1 54. Rf3+ Kd4 55. Rf1 Qd2+ 56. Rf2 Qc1 57. Rf1 Qc5
58. Rf3 Qc2+ 59. Rf2 b3 60. axb3 axb3 61. Kg3 Qc3+ 62. Kg2 b2 63. Ba2 Qc1 64.
Rf1 Kxe4 0-1

[Event "ChFraVétérans2011"]
[Site "Caen"]
[Date "2011.08.23"]
[Round "7.5"]
[White "Rosenfeld, Imre"]
[Black "Birens, Eric-Andre"]
[Result "0-1"]
[WhiteElo "1905"]
[BlackElo "1997"]
[PlyCount "89"]
[EventDate "2011.??.??"]

1. Nf3 c5 2. g3 Nc6 3. Bg2 e5 4. d3 g6 5. e4 Bg7 6. O-O Nge7 7. Nc3 d6 8. Nd2
O-O 9. Nc4 Nd4 10. Ne3 Be6 11. Ned5 Nxd5 12. Nxd5 f5 13. exf5 gxf5 14. c3 Nc6
15. Bd2 Kh8 16. Qh5 Qd7 17. Rae1 Ne7 18. Nxe7 Qxe7 19. b3 a5 20. Qe2 Rae8 21.
f4 Qf7 22. fxe5 dxe5 23. Qf3 Rd8 24. Bg5 Rd7 25. Rd1 Qg6 26. Bc1 Bd5 27. Qf2
Bxg2 28. Qxg2 Rfd8 29. Qf3 f4 30. Kg2 Rxd3 31. Rxd3 Qxd3 32. Qxd3 Rxd3 33. gxf4
Rxc3 34. fxe5 Bxe5 35. Bh6 Rc2+ 36. Kf3 Rxh2 37. Be3 Rxa2 38. Bxc5 Rc2 39. Bb6
Rc6 40. Bxa5 Rf6+ 41. Ke2 Rxf1 42. Kxf1 Kg7 43. Kg2 Kf6 44. Kf3 Kf5 45. Be1 0-1

[Event "ChFraVétérans2011"]
[Site "Caen"]
[Date "2011.08.23"]
[Round "7.6"]
[White "Guillaumat, Jean-Pierre"]
[Black "Degrave, Jack"]
[Result "*"]
[WhiteElo "1898"]
[BlackElo "1990"]
[PlyCount "86"]
[EventDate "2011.??.??"]

1. d4 Nf6 2. c4 g6 3. Nc3 Bg7 4. e4 d6 5. Be2 O-O 6. Nf3 e5 7. dxe5 dxe5 8.
Qxd8 Rxd8 9. Bg5 Nbd7 10. O-O-O Re8 11. h3 c6 12. Be3 Bf8 13. Bd3 Nc5 14. Bc2
a5 15. Rhf1 Rb8 16. a4 b5 17. Bxc5 Bxc5 18. cxb5 cxb5 19. Nxb5 Bb7 20. Nd2 Rec8
21. f3 Ba6 22. Bd3 Nh5 23. Nb3 Ng3 24. Kb1 Nxf1 25. Bxf1 Bb4 26. Rd5 Rd8 27.
Rxd8+ Rxd8 28. Kc2 Kg7 29. Bc4 f5 30. Bd5 Kf6 31. Kb1 fxe4 32. fxe4 Kg5 33. Nc7
Bd3+ 34. Ka2 Kh4 35. Ne6 Rc8 36. g4 h6 37. Bb7 Rc2 38. Nbd4 exd4 39. Nxd4 Rf2
40. e5 Bc3 41. Nf3+ Kg3 42. e6 Rxb2+ 43. Ka3 Rxb7 *

[Event "ChFraVétérans2011"]
[Site "Caen"]
[Date "2011.08.23"]
[Round "7.7"]
[White "Tholey, Jean-Paul"]
[Black "Zurano, Alberto"]
[Result "1-0"]
[WhiteElo "1981"]
[BlackElo "1817"]
[PlyCount "115"]
[EventDate "2011.??.??"]

1. d4 Nf6 2. c4 g6 3. Nc3 Bg7 4. e4 d6 5. f3 Nc6 6. Be3 O-O 7. Nge2 e5 8. Qd2
exd4 9. Nxd4 Ne5 10. Be2 Bd7 11. O-O Nc6 12. Rac1 Nxd4 13. Bxd4 Nh5 14. Nd5 f5
15. exf5 gxf5 16. Bxg7 Nxg7 17. f4 Ne8 18. Rc3 c6 19. Rg3+ Kh8 20. Qd4+ Nf6 21.
Ne3 Qe7 22. Bd3 Rad8 23. Rd1 b6 24. Bxf5 d5 25. cxd5 cxd5 26. Nxd5 Qc5 27. Qxc5
bxc5 28. Bxd7 Rxd7 29. Nc3 Rdf7 30. Rgd3 c4 31. Rd8 Kg7 32. Rxf8 Rxf8 33. Rd4
Rb8 34. Nd1 Rc8 35. g3 Rc7 36. Kg2 Nd7 37. Kf3 Nb6 38. g4 Re7 39. Ne3 Rc7 40.
Nd5 Nxd5 41. Rxd5 c3 42. bxc3 Rxc3+ 43. Ke4 Ra3 44. Rd7+ Kg8 45. Rd2 Ra4+ 46.
Kf5 Ra5+ 47. Kf6 Ra6+ 48. Kg5 Rg6+ 49. Kf5 Ra6 50. g5 Ra5+ 51. Kg4 Ra4 52. h4
Kg7 53. h5 Kf7 54. Rd7+ Kg8 55. g6 hxg6 56. hxg6 Rxa2 57. Kg5 Ra1 58. f5 1-0

[Event "ChFraVétérans2011"]
[Site "Caen"]
[Date "2011.08.23"]
[Round "7.8"]
[White "Carrot, Patrick"]
[Black "Pinchon, Henri"]
[Result "0-1"]
[WhiteElo "1866"]
[BlackElo "1904"]
[PlyCount "132"]
[EventDate "2011.??.??"]

1. e4 c5 2. Nf3 e6 3. d4 cxd4 4. Nxd4 a6 5. Bd3 Qc7 6. O-O Nf6 7. Qe2 Be7 8. c4
d6 9. Nc3 Nbd7 10. Be3 Ne5 11. f4 Nxd3 12. Qxd3 O-O 13. Rac1 Bd7 14. h3 Rac8
15. b3 Qb8 16. f5 e5 17. Nf3 b5 18. cxb5 axb5 19. Nd5 Nxd5 20. Qxd5 Bf6 21. Kh2
h6 22. Bd2 b4 23. Rc4 Rxc4 24. Qxc4 Qa8 25. Bxb4 Rb8 26. Rd1 Bb5 27. Qd5 Bc6
28. Qd2 Bxe4 29. Bxd6 Rd8 30. Qe2 Bxf5 31. a4 e4 32. Ne1 Qc6 33. Bf4 Rc8 34.
Rc1 Qb7 35. Rxc8+ Bxc8 36. Qb5 Qe7 37. Nc2 Kh7 38. b4 Bd7 39. Qa6 g5 40. Be3
Qe5+ 41. Kg1 Qc3 42. Qe2 Bxa4 43. Bd4 Qc6 44. Bxf6 Bxc2 45. Be7 Bd3 46. Qe3 Qe6
47. Bc5 Kg6 48. Qd4 f5 49. Qd6 Qxd6 50. Bxd6 e3 51. g3 h5 52. Be7 f4 53. gxf4
gxf4 54. Kg2 Kf5 55. Kf3 Bb5 56. Bd6 Bc6+ 57. Ke2 Ke4 58. Ke1 Bb5 59. Bc7 f3
60. Bg3 f2+ 61. Bxf2 exf2+ 62. Kxf2 Kf4 63. Kg2 Bd7 64. Kh2 h4 65. Kg2 Bb5 66.
Kf2 Bc6 0-1

[Event "ChFraVétérans2011"]
[Site "Caen"]
[Date "2011.08.23"]
[Round "7.9"]
[White "Dubreuil, Remy"]
[Black "Siberchicot, Robert"]
[Result "1-0"]
[WhiteElo "1895"]
[BlackElo "1795"]
[PlyCount "78"]
[EventDate "2011.??.??"]

1. e4 e6 2. d4 d5 3. Nc3 Nf6 4. Bg5 Be7 5. e5 Nfd7 6. Bxe7 Qxe7 7. Nf3 a6 8.
Bd3 c5 9. dxc5 Nc6 10. Na4 Ncxe5 11. Nxe5 Nxe5 12. Nb6 Rb8 13. b4 Nd7 14. Nxd7
Bxd7 15. O-O O-O 16. a3 b6 17. cxb6 Rxb6 18. c4 dxc4 19. Bxc4 Bb5 20. Rc1 Bxc4
21. Rxc4 Rd8 22. Rd4 Rbd6 23. Rxd6 Qxd6 24. Qc1 h6 25. h3 Qd2 26. Qc5 Qd3 27.
Ra1 Qd4 28. Qxd4 Rxd4 29. Rb1 Kf8 30. Kf1 Ke8 31. Ke2 Kd7 32. Rd1 Rxd1 33. Kxd1
Kd6 34. Kd2 e5 35. Kc3 f5 36. Kc4 Kc6 37. f3 h5 38. h4 g6 39. a4 e4 1-0

[Event "ChFraVétérans2011"]
[Site "Caen"]
[Date "2011.08.23"]
[Round "7.10"]
[White "Peyrin, Jean"]
[Black "Tilquin, Jean-Pierre"]
[Result "1-0"]
[WhiteElo "1873"]
[BlackElo "1974"]
[PlyCount "111"]
[EventDate "2011.??.??"]

1. d4 Nf6 2. c4 g6 3. Nc3 d5 4. Nf3 Bg7 5. Bf4 O-O 6. Rc1 dxc4 7. e3 c5 8. dxc5
Qa5 9. Bxc4 Qxc5 10. Qe2 Nc6 11. O-O Nh5 12. Bg5 Bg4 13. Bh4 h6 14. Bb3 g5 15.
Bg3 Nxg3 16. hxg3 Rfd8 17. Na4 Qf5 18. Rc5 Ne5 19. Bc2 Nxf3+ 20. gxf3 Qxf3 21.
Qxf3 Bxf3 22. Rc1 Rd5 23. Rc7 g4 24. Rc5 Rad8 25. Bb3 Rxc5 26. Rxc5 Bf6 27. Kf1
Rd6 28. Ke1 Rc6 29. Rc2 h5 30. Nc3 h4 31. gxh4 Bxh4 32. Ne2 Re6 33. Bxe6 fxe6
34. Nd4 Bd5 35. b3 Kf7 36. Ne2 Kf6 37. Ng3 Ke5 38. Rd2 Bc6 39. Rd8 Bf3 40. Rh8
Bxg3 41. fxg3 Kd6 42. Kd2 e5 43. Kc3 Be2 44. Rg8 Kd5 45. b4 a6 46. a4 Bd1 47.
a5 Be2 48. Rb8 Kc6 49. Rc8+ Kd6 50. Rc5 Bb5 51. e4 Bc6 52. Kd3 Ba4 53. Ke3 Bc6
54. Rc1 Bd7 55. Rd1+ Kc6 56. Rd5 1-0

[Event "ChFraVétérans2011"]
[Site "Caen"]
[Date "2011.08.24"]
[Round "8.1"]
[White "Ruiz, Richard"]
[Black "Ruch, Bernard"]
[Result "1/2-1/2"]
[WhiteElo "2106"]
[BlackElo "1994"]
[PlyCount "79"]
[EventDate "2011.??.??"]

1. d4 d5 2. Nf3 c6 3. Nc3 Bf5 4. Bg5 h6 5. Bf4 e6 6. a3 Nf6 7. e3 Bd6 8. Ne5
Qc7 9. Bg3 Nbd7 10. f4 Ne4 11. Nxe4 Bxe4 12. Qd2 Nf6 13. Bd3 Bf5 14. O-O O-O
15. Rac1 Ne4 16. Bxe4 Bxe4 17. c4 Qe7 18. c5 Bc7 19. Nd3 f6 20. Nf2 Bh7 21.
Rfe1 Rad8 22. Rcd1 e5 23. Qc3 e4 24. Rf1 f5 25. Rb1 Bg6 26. Nd1 Be8 27. Qe1 Qf7
28. Bh4 Rb8 29. b4 Bd7 30. a4 a6 31. Nc3 Kh7 32. Qd2 Rg8 33. Bg3 g6 34. Rfc1
Ra8 35. Ra1 Bd8 36. Rf1 Bf6 37. Kh1 Qe7 38. Qf2 g5 39. fxg5 hxg5 40. Bd6
1/2-1/2

[Event "ChFraVétérans2011"]
[Site "Caen"]
[Date "2011.08.25"]
[Round "8.2"]
[White "Goldenberg, Richard"]
[Black "Basic, Bosko"]
[Result "1-0"]
[WhiteElo "2320"]
[BlackElo "2067"]
[PlyCount "79"]
[EventDate "2011.??.??"]

1. c4 c5 2. Nf3 Nf6 3. Nc3 Nc6 4. e3 d6 5. d4 cxd4 6. exd4 g6 7. d5 Nb8 8. h3
Bg7 9. Bd3 Nbd7 10. O-O O-O 11. Re1 Nc5 12. Bc2 e5 13. b4 Ncd7 14. Rb1 a6 15.
Ba3 Qc7 16. c5 Rd8 17. Bb3 b5 18. Ng5 h6 19. Nge4 Nxe4 20. Nxe4 dxc5 21. d6 Qb8
22. bxc5 Bb7 23. Qf3 Rf8 24. Qg4 Bc6 25. Qxg6 Qe8 26. Rbd1 Kh8 27. Qf5 Ra7 28.
Bc2 Rg8 29. Ng3 Nf8 30. Bb2 f6 31. Be4 Qa8 32. Bc1 Bxe4 33. Qxe4 Qxe4 34. Rxe4
Ne6 35. c6 Rd8 36. Be3 Nd4 37. c7 Rf8 38. Bxd4 exd4 39. Nf5 d3 40. Re7 1-0

[Event "ChFraVétérans2011"]
[Site "Caen"]
[Date "2011.08.24"]
[Round "8.3"]
[White "Negre, Albert"]
[Black "Birens, Eric-Andre"]
[Result "1-0"]
[WhiteElo "2103"]
[BlackElo "1997"]
[PlyCount "41"]
[EventDate "2011.??.??"]

1. d4 Nf6 2. Nc3 c5 3. d5 g6 4. e4 d6 5. f4 Bg7 6. Bb5+ Nfd7 7. a4 O-O 8. Nf3
Na6 9. O-O Nc7 10. Be2 Rb8 11. f5 a6 12. Qe1 b5 13. axb5 axb5 14. Qh4 b4 15.
Nd1 gxf5 16. Bh6 Bxh6 17. Qxh6 Nf6 18. Ng5 Nce8 19. Ne3 Ng7 20. Rf4 c4 21. Rh4
1-0

[Event "ChFraVétérans2011"]
[Site "Caen"]
[Date "2011.08.24"]
[Round "8.4"]
[White "Degrave, Jack"]
[Black "Tholey, Jean-Paul"]
[Result "0-1"]
[WhiteElo "1990"]
[BlackElo "1981"]
[PlyCount "40"]
[EventDate "2011.??.??"]

1. e4 e6 2. d4 d5 3. Nc3 Nf6 4. e5 Nfd7 5. Nce2 c5 6. c3 Nc6 7. f4 Be7 8. Nf3
O-O 9. h4 f6 10. Rh3 cxd4 11. Nexd4 Nxd4 12. Nxd4 Qb6 13. Bd3 fxe5 14. fxe5
Nxe5 15. Bxh7+ Kxh7 16. Qh5+ Kg8 17. Qxe5 Bf6 18. Qh5 e5 19. Nf5 Bxf5 20. Qxf5
Bxh4+ 0-1

[Event "ChFraVétérans2011"]
[Site "Caen"]
[Date "2011.08.24"]
[Round "8.5"]
[White "Pinchon, Henri"]
[Black "Audiffren, Roger"]
[Result "1-0"]
[WhiteElo "1904"]
[BlackElo "2005"]
[PlyCount "117"]
[EventDate "2011.??.??"]

1. e4 e5 2. Nf3 Nc6 3. Bb5 Nf6 4. Qe2 d6 5. h3 Bd7 6. d3 Be7 7. Be3 O-O 8. c3
a6 9. Ba4 b5 10. Bc2 d5 11. O-O h6 12. Nbd2 Be6 13. Rfe1 d4 14. cxd4 exd4 15.
Bf4 Nd7 16. Bb3 Nc5 17. Bxe6 Nxe6 18. Bg3 Na5 19. Rac1 c5 20. b3 Rc8 21. Red1
Ng5 22. Nxg5 Bxg5 23. f4 Bh4 24. Bh2 Be7 25. Kh1 Qd7 26. Nf3 Bd6 27. Qd2 Nb7
28. Rf1 Bc7 29. Qe2 Rfe8 30. Qf2 f6 31. Nh4 Qf7 32. Qf3 Bd6 33. Nf5 Bf8 34. e5
g6 35. Ng3 f5 36. Rfe1 Re6 37. Ne2 Rd8 38. Bg3 Qd7 39. Ng1 Qd5 40. Qf1 Be7 41.
Nf3 a5 42. Rc2 Ra8 43. Rec1 Kf7 44. Qd1 a4 45. bxa4 Rxa4 46. Rb1 b4 47. Rbb2
Rea6 48. Qd2 Na5 49. Qf2 c4 50. dxc4 Nxc4 51. Rb1 d3 52. Rcc1 Bc5 53. Qe1 Rxa2
54. Qf1 Re2 55. Ra1 Rxa1 56. Rxa1 Ne3 57. Qc1 Rc2 58. Qb1 Nxg2 59. e6+ 1-0

[Event "ChFraVétérans2011"]
[Site "Caen"]
[Date "2011.08.24"]
[Round "8.6"]
[White "Belluire, Patrice"]
[Black "Labarthe, Arnaud"]
[Result "0-1"]
[WhiteElo "1944"]
[BlackElo "1879"]
[PlyCount "97"]
[EventDate "2011.??.??"]

1. e4 d5 2. exd5 Nf6 3. Bb5+ Bd7 4. Be2 Nxd5 5. d4 e6 6. Nf3 c5 7. c4 Nf6 8.
Nc3 cxd4 9. Nxd4 a6 10. O-O Nc6 11. a3 Nxd4 12. Qxd4 Bc6 13. Qh4 Be7 14. Qg3
Bd6 15. Bf4 Bxf4 16. Qxf4 O-O 17. Bf3 Bxf3 18. Qxf3 Qb6 19. b4 Qd4 20. c5 Rfd8
21. Rac1 Qd7 22. Rfd1 Qc7 23. Ne4 Nxe4 24. Qxe4 Rxd1+ 25. Rxd1 Rd8 26. Rxd8+
Qxd8 27. g3 Qd7 28. Kg2 f5 29. Qe5 Kf7 30. Kf3 Qd1+ 31. Kg2 Qd7 32. Kf3 Qd1+
33. Kg2 Qd7 34. h3 Qc6+ 35. Kg1 Qd5 36. Qxd5 exd5 37. f4 d4 38. Kf2 Ke6 39. Ke2
h6 40. Kd3 Kd5 41. g4 g6 42. a4 a5 43. c6 bxc6 44. bxa5 c5 45. a6 c4+ 46. Kd2
Kc6 47. h4 h5 48. gxh5 gxh5 49. Kc2 0-1

[Event "ChFraVétérans2011"]
[Site "Caen"]
[Date "2011.08.24"]
[Round "8.7"]
[White "Gibson, John"]
[Black "Cortes, Jaime"]
[Result "1-0"]
[WhiteElo "1865"]
[BlackElo "1943"]
[PlyCount "77"]
[EventDate "2011.??.??"]

1. f4 d5 2. Nf3 e6 3. e3 c5 4. d3 Nd7 5. Be2 Ngf6 6. O-O Be7 7. Qe1 O-O 8. Nc3
a6 9. e4 d4 10. Nd1 b5 11. a4 Bb7 12. Ne5 Nxe5 13. fxe5 Nd7 14. Bf4 Bg5 15. Bg3
Qc7 16. Nf2 Be3 17. Kh1 Bxf2 18. Qxf2 Nxe5 19. Qf4 f6 20. axb5 axb5 21. Rxa8
Rxa8 22. h4 Qe7 23. h5 Nf7 24. Bh4 e5 25. Qg3 Kh8 26. Qf2 Qe6 27. Qg3 Nh6 28.
Qf2 Bc6 29. Bxf6 c4 30. Bg5 Ng8 31. Qg3 Bd7 32. Rf5 cxd3 33. cxd3 Qa2 34. Rxe5
Qb1+ 35. Kh2 Ra1 36. Qf2 h6 37. Be7 Qxb2 38. Bf8 Ra2 39. Qf7 1-0